Organizational Behaviour: Concepts And Theories (Record no. 38736)

MARC details
000 -LEADER
fixed length control field 00528nam a2200193Ia 4500
008 - FIXED-LENGTH DATA ELEMENTS--GENERAL INFORMATION
fixed length control field 220531s9999 xx 000 0 und d
041 ## - LANGUAGE CODE
Language code of text/sound track or separate title eng
082 ## - DEWEY DECIMAL CLASSIFICATION NUMBER
Classification number 658.3
Item number ALI / RAH
100 ## - MAIN ENTRY--PERSONAL NAME
Personal name Ali, M. F. / Rahman, A.
9 (RLIN) 69009
245 ## - TITLE STATEMENT
Title Organizational Behaviour: Concepts And Theories
250 ## - EDITION STATEMENT
Edition statement 1ST
260 ## - PUBLICATION, DISTRIBUTION, ETC. (IMPRINT)
Place of publication, distribution, etc. New Delhi
Name of publisher, distributor, etc. Regal
Date of publication, distribution, etc. 2014
300 ## - PHYSICAL DESCRIPTION
Extent 289
542 ## - INFORMATION RELATING TO COPYRIGHT STATUS
Copyright holder 13-08-2014
551 ## -
-- Commerce
-- Non-grant--C
650 ## - SUBJECT ADDED ENTRY--TOPICAL TERM
Topical term or geographic name as entry element Organisational Behavior
9 (RLIN) 69010
906 ## - LOCAL DATA ELEMENT F, LDF (RLIN)
d 2014-2015
f 885
Holdings
Withdrawn status Lost status Source of classification or shelving scheme Damaged status Not for loan Collection code Home library Current library Date acquired Vendor Cost, normal purchase price Total Checkouts Total Holds Full call number Barcode Date last seen Bill Date Koha item type Original Barcode
    Dewey Decimal Classification       Shri Siddhivinayak Mahila Mahavidyalaya Shri Siddhivinayak Mahila Mahavidyalaya 14/08/2014 System sales 280.00   1 658.3/ALI / RAH/B/20204 SSMM-BK-20204 06/08/2022 06/08/2022 Books 010020204